<La> Integración económica Latinoamericana

Saved in:
Bibliographic Details
Main Author: Laris Casillas, Jorge Eduardo
Format: Book
Language:Spanish
Published: México Consejo Nacional de Comercio Exterior 1960
Subjects:
Tags: Add Tag
No Tags, Be the first to tag this record!

MARC

LEADER 00000nam a2200000 4500
001 c129921
005 20221123135401.4
041 0 |a spa 
044 |a MX 
245 1 0 |a <La> Integración económica Latinoamericana  |c Jorge Eduardo Laris Casillas 
264 1 |a México  |b Consejo Nacional de Comercio Exterior  |c 1960 
300 |a 180 s. 
610 2 0 |a integrácia ekonomická medzinárodná 
610 2 0 |a politika hospodárska medzinárodná 
610 2 0 |a Mexiko 
610 2 0 |a Južná Amerika 
610 2 0 |a Amerika 
610 2 0 |a obchod medzinárodný 
610 2 0 |a obchod zahraničný 
100 1 |a Laris Casillas, Jorge Eduardo